Jambi - TOOL song lyrics - Statistics

General Stats
  • This quiz has been taken 57 times
  • The average score is 184 of 282
Answer Stats
Answer % Correct
a
100%
I'd
100%
I... (x4)
100%
I
96%
I,
96%
I'd
96%
the
96%
The
96%
all
93%
all,
93%
away
89%
away (x2)
89%
If
89%
if
89%
it
89%
my
89%
wish
89%
Wish
89%
would
89%
would (x3)
89%
and
85%
And
85%
do
85%
mountain
85%
On
85%
on
85%
on,
85%
come
81%
I'm
81%
one
81%
one,
81%
view
81%
day
78%
dream
78%
from
78%
Here
78%
just
78%
Just
78%
king's
78%
to
78%
true
78%
be
74%
But
74%
could,
74%
could
74%
Devil
74%
Feast
74%
for
74%
like
74%
never
74%
So
74%
So,
74%
thought
74%
wild
74%
you
74%
You,
74%
down
70%
lose
70%
me
70%
me,
70%
sultan,
70%
with
70%
few
67%
Wanna
67%
way
67%
way,
67%
eyes (x3)
63%
flesh,
63%
what
63%
found
59%
His
59%
side
59%
treasures
59%
along
56%
dark
56%
got
56%
long
56%
love
56%
that
56%
wanted
56%
Damn
52%
hold,
52%
hold
52%
hooker
52%
In
52%
in
52%
night
52%
No
52%
of
52%
Up
52%
up,
52%
Begged
48%
changed
48%
gone
48%
had
48%
out
48%
song
48%
then
48%
this
48%
dawn
44%
dusk
44%
more
44%
'round
44%
until
44%
as
41%
compromise
41%
forever
41%
Lifted
41%
Shine
41%
shine
41%
turned
41%
your
41%
become
37%
benevolent
37%
Dabblin'
37%
drown
37%
Prayed
37%
Silence,
37%
stay
37%
sun
37%
take
37%
Tempted
37%
well
37%
legion,
33%
should
33%
soon
33%
they
33%
tomorrow
33%
two
33%
center
30%
might
30%
neck,
30%
Or
30%
save
30%
sway,
30%
trying
30%
broken,
26%
divide
26%
fulcrum
26%
piece
26%
poison
26%
upon
26%
Another
22%
mind,
22%
needs
22%
union (x5)
22%
wants
22%
Breathe
19%
Divided,
19%
giving
19%
justify
19%
prize
19%
severed
19%
withering
19%
season
15%
father
11%
Light
11%
many
11%
our
11%
survive
11%
No matching quizzes found
Score Distribution
Percent of People with Each Score
Percentile by Number Answered
Your Score History
You have not taken this quiz